000 00547nam a2200205Ia 4500
005 20250508152952.0
008 008 250505s9999 xx 000 0 hin d
037 _aTextual
040 _aFEDL
_beng
_cFEDL
041 _ahin
_2hin
084 _a150.13, TRI
_qFEDL
100 _aTriphathi Ramrishi
_9762879
245 0 _aVyavharic manovigyan
260 _aAgra, India
_bGaya Prasad and Sons
_c1961
300 _a297p
365 _aINR
_b9
650 _aPsychology
942 _cTEXL
_h150.13, TRI
999 _c1339898
_d1339898